L'intérêt du psychodrame analytique : Contribution à une métapsychologie de la technique analytique I (notice n° 2171646)

détails MARC
000 -LEADER
fixed length control field 01294cam a2200133 4500500
005 - DATE AND TIME OF LATEST TRANSACTION
control field 20260405041717.0
041 ## - LANGUAGE CODE
Language code of text/sound track or separate title fre
042 ## - AUTHENTICATION CODE
Authentication code dc
100 10 - MAIN ENTRY--PERSONAL NAME
Personal name Dupeu, Jean-Marc
Relator term author
245 00 - TITLE STATEMENT
Title L'intérêt du psychodrame analytique : Contribution à une métapsychologie de la technique analytique I
260 ## - PUBLICATION, DISTRIBUTION, ETC.
Name of publisher, distributor, etc. Presses Universitaires de France,<br/>
Date of publication, distribution, etc. 2005.<br/>
520 ## - SUMMARY, ETC.
Summary, etc. La réalisation de ce volume s’est faite à partir de différentes conférences et publications étalées sur une dizaine d’années et visant à éclairer l’intérêt, tant pratique que métapsychologique, de ce dispositif psychanalytique particulier qu’est le psychodrame analytique, qui a depuis plusieurs années, en particulier en France, acquis ses lettres de noblesse en psychanalyse. Si le psychodrame analytique n’est que l’une des propositions alternatives au cadre classique, celui-ci s’est révélée être l’une des propositions les plus fécondes pour peser les termes et les enjeux de la question des variations du cadre analytique en fonction des organisations psychopathologiques. C’est la conviction majeure de l’auteur qu’il défend dans cet ouvrage.
856 41 - ELECTRONIC LOCATION AND ACCESS
Uniform Resource Identifier <a href="https://shs.cairn.info/l-interet-du-psychodrame-analytique--9782130547419?lang=fr&redirect-ssocas=7080">https://shs.cairn.info/l-interet-du-psychodrame-analytique--9782130547419?lang=fr&redirect-ssocas=7080</a>

Pas d'exemplaire disponible.

PLUDOC

PLUDOC est la plateforme unique et centralisée de gestion des bibliothèques physiques et numériques de Guinée administré par le CEDUST. Elle est la plus grande base de données de ressources documentaires pour les Étudiants, Enseignants chercheurs et Chercheurs de Guinée.

Adresse

627 919 101/664 919 101

25 boulevard du commerce
Kaloum, Conakry, Guinée

Réseaux sociaux

Powered by Netsen Group @ 2025